000 00614nam a2200193Ia 4500
005 20260114185720.0
008 008 260114s9999 xx 000 0 eng d
020 _a9781350363281
037 _aEBOOK
040 _aCRL
_beng
_cCRL
041 _aeng
_2eng
084 _qCRL
100 _aJonathan Barry, Christopher Brooks
_9873495
245 4 _aThe Middling Sort of People Culture, Society and Politics in England 1550-1800
260 _bBloomsbury
_c1994
856 _uhttps://doi.org/10.5040/9781350363281?locatt=label:secondary_bloomsburyCollections
942 _cEBOOK
999 _c1472443
_d1472443